| 000 | 00688nam a2200241Ia 4500 | ||
|---|---|---|---|
| 005 | 20250425162110.0 | ||
| 008 | 250425s9999 xx 000 0 und d | ||
| 020 | _a1589060199 | ||
| 041 | _aeng | ||
| 082 | _a320 | ||
| 100 | _aJEFFREY, DAVIS | ||
| 245 | 0 | _aSTABILIZATION AND SAVING FUNDS FOR NONRENEWABLE RESOURCES: EXPERIENCE AND FISCAL POLICY IMPLICATIONS | |
| 250 | _aS.E. | ||
| 260 |
_aEstados Unidos _bFONDO MONETARIO INTERNACIONAL _c2001 |
||
| 260 | _aWASHINGTON | ||
| 300 | _a43 | ||
| 500 | _aOCASSIONAL PAPER 205 | ||
| 650 | _aCIENCIAS POLITICAS | ||
| 650 | _aESTABILIZACION DE PIZARRA | ||
| 710 | _aINTERNATIONAL MONETARY FUND | ||
| 942 | _c01 | ||
| 010 | _a49965 | ||
| 999 |
_c222303 _d222303 |
||